| 000 | 01115cam a22003257a 4500 | ||
|---|---|---|---|
| 001 | 13254008 | ||
| 003 | Nust- CAS-E | ||
| 005 | 20180118181358.0 | ||
| 008 | 030626s2002 enka b 001 0 eng | ||
| 010 | _a 2003271700 | ||
| 015 | _aGBA2-X3314 | ||
| 020 | _a0632064137 | ||
| 035 | _a(OCoLC)ocm49784424 | ||
| 040 |
_aUKM _cUKM _dIXA _dDLC |
||
| 042 | _alccopycat | ||
| 050 | 0 | 0 |
_aTH880 _b.G73 2002 |
| 082 | 0 | 4 |
_a624 _221 _bGRA 2003 |
| 100 | 1 | _aGraham, Peter. | |
| 245 | 1 | 0 |
_aBuilding ecology : _bfirst principles for a sustainable built environment / _cPeter Graham. |
| 260 |
_aOxford : _bBlackwell Science, _c2003. |
||
| 300 |
_axiv, 290 p. : _bill. ; _c25 cm. |
||
| 504 | _aIncludes bibliographical references and index. | ||
| 650 | 0 |
_aSustainable buildings _xDesign and construction. |
|
| 650 | 0 | _aSustainable architecture. | |
| 650 | 0 |
_aBuilding _xEnvironmental aspects. |
|
| 650 | 0 |
_aBuilding _xEnvironmental aspects _vCase studies. |
|
| 906 |
_a7 _bcbc _ccopycat _d2 _encip _f20 _gy-gencatlg |
||
| 942 |
_2ddc _cBK |
||
| 999 |
_c355335 _d355335 |
||